书目信息 |
| 题名: |
庭园小景
|
|
| 作者: | 菲力普斯 , Phillips 原著 ;刘德江 , 曹首光 译 | |
| 分册: | 1 | |
| 出版信息: | 广州 广东科技出版社 2001.05 |
|
| 页数: | 67页 | |
| 开本: | 18×19cm | |
| 丛书名: | ||
| 单 册: | ||
| 中图分类: | TU986.58 | |
| 科图分类: | ||
| 主题词: | 庭园--装饰设计 , 装饰设计 | |
| 电子资源: | ||
| ISBN: | 7-5359-2771-8 | |
| 000 | 00876nam0 2200265 45 | |
| 001 | 012004000000 | |
| 005 | 20050114101537.06 | |
| 010 | @a7-5359-2771-8@dCNY 25.00 | |
| 100 | @a20041210d2001 em y0chiy0121 ea | |
| 101 | 1 | @achi@ceng |
| 102 | @aCN@b440000 | |
| 105 | @aaf z 000yy | |
| 200 | 1 | @a庭园小景@Ating yuan xiao jing@dDecorative accents for the graden@h1@f(美)艾米莉·菲力普斯(Emily Phillips)原著@g刘德江, 曹首光译@zeng |
| 210 | @a广州@c广东科技出版社@d2001.05 | |
| 215 | @a67页@c图@d18×19cm | |
| 510 | 1 | @aDecorative accents for the graden@zeng |
| 606 | 0 | @a庭园@x装饰设计 |
| 606 | 0 | @a装饰设计 |
| 690 | @aTU986.58@v4 | |
| 701 | 1 | @a菲力普斯@Afei li pu si@b艾米莉@4原著 |
| 701 | A1 | @aPhillips@bEmily@4原著 |
| 702 | 0 | @a刘德江@Aliu de jiang@4译 |
| 702 | 0 | @a曹首光@Acao shou guang@4译 |
| 801 | 0 | @aCN@bQSSKxf@c20050114 |
| 905 | @a10447@dTU986.58@eA360 | |
| 庭园小景=Decorative accents for the graden.1/(美)艾米莉·菲力普斯(Emily Phillips)原著/刘德江, 曹首光译.-广州:广东科技出版社,2001.05 |
| 67页:图;18×19cm |
| ISBN 7-5359-2771-8:CNY 25.00 |
| ● |
| 相关链接 |
|
|
|
正题名:庭园小景
索取号:TU986.58/A360
 
预约/预借
| 序号 | 登录号 | 条形码 | 馆藏地/架位号 | 状态 | 备注 |
| 1 | 437765 | 204377655 | 建筑库201/201建筑库 121排2列4层/ [索取号:TU986.58/A360] | 在馆 | |
| 2 | 437766 | 204377664 | 建筑库201/201建筑库 118排2列5层/ [索取号:TU986.58/A360] | 在馆 | |
| 3 | 437767 | 204377673 | 建筑库201/201建筑库 118排2列5层/ [索取号:TU986.58/A360] | 在馆 |